000 00606nam a22002177a 4500
003 UA-OsUOA
001 100515
007 ta
008 20130528b un ||||| |||| 00| 0 ukr d
100 _aБлагун І.
090 _a330(477)
_bБ68
942 _cSA
040 _aUA-OsUOA
_bukr
_cUA-OsUOA
_dUA-OsUOA
245 _aФормування і реалізація стратегій управління банківською системою
300 _aС.25-34
955 _a0
041 _aukr
080 _a330(477)
773 0 _w100513
650 7 _a330 Економіка взагалі
_2UDC
999 _c387154
_d387154